000 00723cab a2200241 4500
001 WB3437-43
008 090401t1998 xxu||||| |||| 00| 0 eng d
035 _a(Sirsi) u88798
041 _aeng
245 4 _aThe future of Railways
260 _c1998
350 _a0
490 _aDaily Telegraph
_v28 September 1998, 28-29(4)
520 _aSpecial report on the UK rail industry. Covers rail freight networks, the Channel Tunnel link and the upgrading of the West Coast main line.
650 _aCHANNEL TUNNEL RAIL LINK
650 _aRAIL FREIGHT
650 _aRAIL PRIVATISATION
650 _aRAILTRACK
650 _aRAILWAYS
690 _aTRANSPORT AND COMMUNICATIONS
942 _n0
948 _c02/10/1998
999 _c56147
_d56147